000 00440nam a22001577a 4500
003 MACL
005 20241215131311.0
008 241215b |||||||| |||| 00| 0 eng d
040 _cMACL
082 _a001
100 _aG.K.PUBLICATIONS
_983050
245 _aStudy guide RBI Grade-B Officers Phase-1 Recruirtment Examination 2024
260 _aNew Delhi
_bG.K.Publications
_c2024
650 _aGeneral Studies
_9276
942 _2ddc
_cC. BOOKS
999 _c67816
_d67816